[Event "Memorial Gashimov - Blitz"]
[Site "Baku"]
[Date "22.12.2021"]
[Round "B7"]
[White "Rapport, Richard"]
[Black "Navara, David"]
[Result "0-1"]
[WhiteTitle "GM"]
[BlackTitle "GM"]
[WhiteElo "2763"]
[BlackElo "2697"]
[WhiteFideId "738590"]
[BlackFideId "309095"]
[EventDate "2021.12.22"]

1. e4 e5 2. Nf3 Nc6 3. g3 Nf6 4. d3 d5 5. exd5 Nxd5 6. Bg2 Bd6 7. O-O O-O 8. c3
a5 9. a4 Re8 10. Nbd2 Bf8 11. Nc4 Bf5 12. Re1 f6 13. d4 exd4 14. Rxe8 Qxe8 15.
Nxd4 Be4 16. Bxe4 Qxe4 17. Nd2 Qe8 18. Nxc6 Qxc6 19. Nf3 Nb6 20. Bf4 Qd5 21.
Qxd5+ Nxd5 22. Bd2 Rd8 23. Kf1 Bc5 24. h4 h5 25. Ke2 Kf7 26. Be1 Re8+ 27. Kf1 c6
28. Nd2 g5 29. hxg5 fxg5 30. Nb3 Bb6 31. c4 Nb4 32. Bxb4 axb4 33. a5 Bd8 34. a6
bxa6 35. Rxa6 Bf6 36. Rxc6 Bxb2 37. Rb6 Bc3 38. c5 h4 39. Kg2 Rc8 40. c6 Ke6 41.
Na5 Kd6 42. Ra6 hxg3 43. Kxg3 Bd4 44. f3 Kc7 45. Nb3 Bb6 46. Ra4 Rb8 47. Kg4 Be3
48. Ra6 Rb6 49. Ra2 Rxc6 50. Ra4 Rc4+ 51. Kf5 Kb6 52. Ra8 Rf4+ 53. Ke5 Rxf3 54.
Ke4 Rh3 55. Rb8+ Kc7 56. Rb5 Kc6 57. Rb8 Bb6 58. Nd2 b3 59. Nc4 Rh4+ 60. Kd3
Rxc4 61. Rc8+ Bc7 0-1

[Event "Memorial Gashimov - Blitz"]
[Site "Baku"]
[Date "22.12.2021"]
[Round "B7"]
[White "Caruana, Fabiano"]
[Black "Mamedyarov, Shakhriyar"]
[Result "1-0"]
[WhiteTitle "GM"]
[BlackTitle "GM"]
[WhiteElo "2792"]
[BlackElo "2767"]
[WhiteFideId "2020009"]
[BlackFideId "13401319"]
[EventDate "2021.12.22"]

1. c4 Nf6 2. Nc3 e6 3. e4 d5 4. cxd5 exd5 5. e5 Ne4 6. Nf3 Nc6 7. Be2 Bg4 8. O-O
Be7 9. d4 O-O 10. h3 Bh5 11. Be3 Qd7 12. Qb3 Nxc3 13. Qxc3 Nd8 14. Rac1 Ne6 15.
Qd2 Rfd8 16. b4 a5 17. b5 Bxf3 18. gxf3 c5 19. bxc6 bxc6 20. f4 c5 21. f5 Nxd4
22. Bxd4 cxd4 23. Bd3 f6 24. f4 Rdc8 25. Kh1 Kh8 26. Qg2 Rc3 27. Rcd1 Rb8 28.
Rf3 Rbc8 29. Rg1 Bd8 30. h4 Rc1 31. h5 h6 32. Qg6 Rxg1+ 33. Kxg1 Qb7 34. Rf1 Qe7
35. Rb1 Kg8 36. e6 Bc7 37. Rb7 Rb8 38. Qf7+ Qxf7 39. exf7+ Kxf7 40. Rxc7+ Kf8
41. Kf2 Rb2+ 42. Rc2 Rb4 43. Kf3 a4 44. Rc5 Rb2 45. Rxd5 Rxa2 46. Rd7 a3 47. Ra7
Ra1 48. Ke4 a2 49. Kxd4 Ke8 50. Bc2 Kd8 51. Bb3 Rf1 52. Bxa2 Rxf4+ 53. Kd5 Rxf5+
54. Kd6 Kc8 55. Be6+ Kb8 56. Bxf5 Kxa7 57. Ke7 1-0

[Event "Memorial Gashimov - Blitz"]
[Site "Baku"]
[Date "22.12.2021"]
[Round "B7"]
[White "Mamedov, Rauf"]
[Black "Karjakin, Sergey"]
[Result "1-0"]
[WhiteTitle "GM"]
[BlackTitle "GM"]
[WhiteElo "2656"]
[BlackElo "2743"]
[WhiteFideId "13401653"]
[BlackFideId "14109603"]
[EventDate "2021.12.22"]

1. e4 c6 2. d4 d5 3. Nd2 dxe4 4. Nxe4 Bf5 5. Ng3 Bg6 6. Nf3 Nf6 7. h4 Nh5 8. Ne2
Nd7 9. Nf4 Nxf4 10. Bxf4 Bh5 11. Be2 e6 12. Qd3 Be7 13. O-O-O Qa5 14. Kb1 O-O-O
15. Bg3 Bf6 16. Qe3 Rhe8 17. Nd2 Bxe2 18. Ne4 Nc5 19. Qxe2 Nxe4 20. Qxe4 Qf5 21.
Qe3 b6 22. Qe2 Kb7 23. Be5 Bxe5 24. Qxe5 h5 25. f3 Qxe5 26. dxe5 b5 27. c4 bxc4
28. Kc2 Rd5 29. Rde1 Red8 30. Re2 Kb6 31. g4 g6 32. gxh5 gxh5 33. Rg1 Rd3 34.
Rg5 Rxf3 35. Rxh5 Rd4 36. Rh8 Rdf4 37. h5 Kc5 38. h6 Rh3 39. Ra8 Rxh6 40. Rxa7
Rh3 41. Ra5+ Kb6 42. Ra8 Rhf3 43. Rb8+ Kc5 44. a4 Rf2 45. Rxf2 Rxf2+ 46. Kb1 Rd2
47. Rb7 Rd8 48. Rxf7 Kd5 49. Ra7 Kxe5 50. Kc2 Kd4 51. a5 Kc5 52. Re7 Kd6 53. Ra7
Rb8 54. a6 Rb6 55. Ra8 Ke5 56. a7 Ra6 57. Kc3 Ke4 58. Kxc4 e5 59. b4 Ke3 60. Re8
Rxa7 61. Rxe5+ Kf4 62. Re6 Ra1 63. Rxc6 Ke5 64. Kb5 Kd5 65. Rc2 Kd6 66. Kb6 Kd7
67. b5 Rb1 68. Ka6 1-0

[Event "Memorial Gashimov - Blitz"]
[Site "Baku"]
[Date "23.12.2021"]
[Round "B8"]
[White "Mamedov, Rauf"]
[Black "Anand, Viswanathan"]
[Result "1/2-1/2"]
[WhiteTitle "GM"]
[BlackTitle "GM"]
[WhiteElo "2656"]
[BlackElo "2751"]
[WhiteFideId "13401653"]
[BlackFideId "5000017"]
[EventDate "2021.12.22"]

1. e4 e5 2. Nf3 Nc6 3. Bc4 Bc5 4. c3 Nf6 5. d3 d6 6. Nbd2 a5 7. Nf1 h6 8. Ng3
O-O 9. O-O Be6 10. Bb5 Ba7 11. Re1 Ne7 12. d4 Ng6 13. h3 c5 14. dxe5 dxe5 15.
Be3 c4 16. Bxa7 Rxa7 17. Qxd8 Rxd8 18. Red1 Rxd1+ 19. Rxd1 a4 20. Rd8+ Kh7 21.
Nd2 a3 22. bxa3 Rxa3 23. Bxc4 Rxc3 24. Bxe6 fxe6 25. Rb8 Rc2 26. Nf3 Rxa2 27.
Rxb7 Ra1+ 28. Kh2 Ra2 29. Kg1 Ra1+ 30. Kh2 Ra2 1/2-1/2

[Event "Memorial Gashimov - Blitz"]
[Site "Baku"]
[Date "23.12.2021"]
[Round "B8"]
[White "Rapport, Richard"]
[Black "Karjakin, Sergey"]
[Result "1/2-1/2"]
[WhiteTitle "GM"]
[BlackTitle "GM"]
[WhiteElo "2763"]
[BlackElo "2743"]
[WhiteFideId "738590"]
[BlackFideId "14109603"]
[EventDate "2021.12.22"]

1. e4 e5 2. Nf3 Nc6 3. Bb5 a6 4. Ba4 Nf6 5. O-O Be7 6. d4 exd4 7. e5 Ne4 8. Nxd4
Nc5 9. Bxc6 dxc6 10. Be3 Ne6 11. Nf5 Qxd1 12. Rxd1 Bf8 13. Nc3 Bd7 14. Rd2 O-O-O
15. Rad1 g6 16. Nh6 Bxh6 17. Bxh6 c5 18. Nd5 Bb5 19. b3 Kb8 20. c4 Bc6 21. h4 b5
22. Ne7 Kb7 23. Rxd8 Rxd8 24. Rxd8 Nxd8 25. f3 bxc4 26. bxc4 Bd7 27. Be3 Be6 28.
Bxc5 Bxc4 29. a3 Ne6 30. Be3 c5 31. Kf2 Kb6 32. Nc8+ Ka5 33. Nd6 Bd5 34. Nxf7 c4
35. g4 Ka4 36. Nd6 c3 37. f4 c2 38. f5 gxf5 39. gxf5 Nd4 40. e6 Nc6 41. Bc1 Kb3
42. f6 Bxe6 43. f7 Bxf7 44. Nxf7 Ka2 45. Ng5 h5 46. Ne4 Kb1 47. Bh6 Ne5 48. Ke2
Ng6 49. Nd2+ Kb2 50. Nc4+ Kc3 51. Nd2 Nxh4 52. Ne4+ Kb2 53. Bg7+ Kb1 54. Nc3+
Kb2 55. Ne4+ Kxa3 56. Kd2 Nf5 57. Be5 Kb3 58. Nc5+ Kc4 59. Nxa6 Kd5 60. Bb8 Nd4
61. Nb4+ Ke4 62. Nxc2 Nxc2 63. Kxc2 1/2-1/2

[Event "Memorial Gashimov - Blitz"]
[Site "Baku"]
[Date "23.12.2021"]
[Round "B8"]
[White "Mamedyarov, Shakhriyar"]
[Black "Navara, David"]
[Result "0-1"]
[WhiteTitle "GM"]
[BlackTitle "GM"]
[WhiteElo "2767"]
[BlackElo "2697"]
[WhiteFideId "13401319"]
[BlackFideId "309095"]
[EventDate "2021.12.22"]

1. d4 Nf6 2. Bg5 d5 3. Nd2 c5 4. dxc5 e6 5. e4 Bxc5 6. Qe2 h6 7. Bh4 g5 8. Bg3
Nxe4 9. Nxe4 dxe4 10. Qxe4 Nc6 11. Nf3 f5 12. Qc4 Qd5 13. h4 f4 14. Bh2 g4 15.
Nd2 Bxf2+ 16. Kd1 g3 17. Bg1 Bxg1 18. Rxg1 O-O 19. c3 Qxc4 20. Bxc4 Ne5 21. Be2
Bd7 22. Kc2 Bc6 23. Rae1 Rf6 24. Bd1 Ng6 25. h5 Nh4 26. Ne4 Bxe4+ 27. Rxe4 Nf5
28. Rf1 Raf8 29. Rfxf4 Nd4+ 30. cxd4 Rxf4 31. Rxe6 Rxd4 32. Bf3 Rc8+ 33. Kb3
Rd3+ 34. Ka4 Kf7 35. Rxh6 Rxf3 36. gxf3 g2 0-1

[Event "Memorial Gashimov - Blitz"]
[Site "Baku"]
[Date "23.12.2021"]
[Round "B8"]
[White "Asadli, Vugar"]
[Black "Caruana, Fabiano"]
[Result "0-1"]
[WhiteTitle "GM"]
[BlackTitle "GM"]
[WhiteElo "2579"]
[BlackElo "2792"]
[WhiteFideId "13405764"]
[BlackFideId "2020009"]
[EventDate "2021.12.22"]

1. e4 c5 2. Nf3 d6 3. d4 cxd4 4. Nxd4 Nf6 5. Nc3 a6 6. Rg1 e5 7. Nb3 h5 8. Bg5
Be6 9. Qd2 Nbd7 10. Bd3 Be7 11. O-O-O b5 12. f4 Qc7 13. Kb1 Rb8 14. h3 h4 15.
Qe1 b4 16. Nd5 Nxd5 17. exd5 Bxd5 18. Bxe7 Kxe7 19. Qd2 Nf6 20. Rge1 Kf8 21.
fxe5 dxe5 22. Bxa6 Rh6 23. Rf1 Rg6 24. Bd3 Rxg2 25. Rf2 Rg3 26. Rdf1 e4 27. Rxf6
exd3 28. Nd4 gxf6 29. Qh6+ Kg8 30. cxd3 Rg6 31. Qxh4 Qg3 0-1

[Event "Memorial Gashimov - Blitz"]
[Site "Baku"]
[Date "23.12.2021"]
[Round "B9"]
[White "Caruana, Fabiano"]
[Black "Mamedov, Rauf"]
[Result "1/2-1/2"]
[WhiteTitle "GM"]
[BlackTitle "GM"]
[WhiteElo "2792"]
[BlackElo "2656"]
[WhiteFideId "2020009"]
[BlackFideId "13401653"]
[EventDate "2021.12.22"]

1. d4 d5 2. c4 e6 3. Nc3 c5 4. e3 Nf6 5. Nf3 a6 6. cxd5 exd5 7. Bd3 Nc6 8. O-O
Be7 9. dxc5 Bxc5 10. b3 O-O 11. h3 Bd6 12. Bb2 Re8 13. Ne2 Ne4 14. Rc1 Bf5 15.
Bb1 Rc8 16. Nf4 Bxf4 17. exf4 Qd6 18. Ne5 f6 19. Nf3 Rcd8 20. Nd4 Bg6 21. Qg4
Nxd4 22. Bxd4 Bf7 23. Rcd1 Be6 24. Qf3 Bf5 25. Bb2 Qb4 26. Rfe1 Bg6 27. Re3 Qb5
28. Qg4 Qc6 29. f5 Bf7 30. Rde1 h5 31. Qd1 Nd6 32. Bd3 Rxe3 33. Rxe3 d4 34. Bxd4
Qd5 35. Bb2 Nxf5 36. Rf3 Nh4 37. Rg3 Nf5 38. Rf3 Nh4 39. Rg3 Nf5 40. Rf3 1/2-1/2

[Event "Memorial Gashimov - Blitz"]
[Site "Baku"]
[Date "23.12.2021"]
[Round "B9"]
[White "Asadli, Vugar"]
[Black "Mamedyarov, Shakhriyar"]
[Result "0-1"]
[WhiteTitle "GM"]
[BlackTitle "GM"]
[WhiteElo "2579"]
[BlackElo "2767"]
[WhiteFideId "13405764"]
[BlackFideId "13401319"]
[EventDate "2021.12.22"]

1. e4 d5 2. exd5 Qxd5 3. Nc3 Qa5 4. d4 Nf6 5. Nf3 Bf5 6. Ne5 c6 7. g4 Be6 8. h3
Nbd7 9. Nxd7 Bxd7 10. Bg2 e6 11. O-O Be7 12. Ne2 O-O-O 13. c3 e5 14. Qc2 h5 15.
b4 Qc7 16. dxe5 Nd5 17. g5 Qxe5 18. f4 Qf5 19. Qa4 Qd3 20. Rf2 Bxh3 21. Qxa7
Bxg2 22. Kxg2 Qe4+ 23. Kh2 h4 24. a4 Nc7 25. Qe3 Qxe3 26. Bxe3 Rd3 27. Bb6 Nd5
28. Bd4 f6 29. Re1 Bd6 30. gxf6 gxf6 31. Rg1 Rd2 32. Rgg2 h3 33. Rg4 Re8 34. Ng1
Rxf2+ 35. Bxf2 f5 36. Rh4 Bxf4+ 37. Kxh3 Be3 38. Kg2 Nxc3 39. Nf3 Bxf2 40. Kxf2
Nxa4 41. Rf4 Re4 42. Rxe4 fxe4 43. Nd2 Nc3 44. Nc4 Kc7 45. Ke3 Nd5+ 0-1

[Event "Memorial Gashimov - Blitz"]
[Site "Baku"]
[Date "23.12.2021"]
[Round "B9"]
[White "Anand, Viswanathan"]
[Black "Rapport, Richard"]
[Result "1/2-1/2"]
[WhiteTitle "GM"]
[BlackTitle "GM"]
[WhiteElo "2751"]
[BlackElo "2763"]
[WhiteFideId "5000017"]
[BlackFideId "738590"]
[EventDate "2021.12.22"]

1. e4 e6 2. d4 d5 3. Nc3 dxe4 4. Nxe4 Bd7 5. Nf3 Bc6 6. Bd3 Nd7 7. O-O Ngf6 8.
Ned2 Be7 9. c3 O-O 10. Re1 a5 11. a4 Re8 12. Nc4 Bd5 13. Bf4 b6 14. Nfe5 Nxe5
15. Nxe5 Bb7 16. Bb5 Qd5 17. f3 Rf8 18. Bc4 Qd8 19. Bg3 Nd5 20. Bb5 Bh4 21. Qd2
Bxg3 22. hxg3 Qd6 23. Qf2 Ne7 24. g4 Ng6 25. Nxg6 hxg6 26. Qh4 Qf4 27. Kf2 g5
28. Qh5 Rfd8 29. Rh1 Kf8 30. Qh8+ Ke7 31. Qxg7 c5 32. Rad1 cxd4 33. Rxd4 Rxd4
34. Qxd4 Qxd4+ 35. cxd4 Rc8 36. Kg3 Rc2 37. Rh8 Rxb2 38. Rb8 Bd5 39. Rxb6 Bc4
40. Rb7+ Kf6 41. Ba6 Rxb7 42. Bxb7 e5 43. d5 Ke7 44. Kf2 Kd6 45. Ke3 Bxd5 46.
Bxd5 Kxd5 47. Kd3 Kd6 48. Ke4 Ke6 49. Ke3 Kd5 50. Kd3 Kd6 51. Ke4 1/2-1/2

[Event "Memorial Gashimov - Blitz"]
[Site "Baku"]
[Date "23.12.2021"]
[Round "B9"]
[White "Karjakin, Sergey"]
[Black "Navara, David"]
[Result "1-0"]
[WhiteTitle "GM"]
[BlackTitle "GM"]
[WhiteElo "2743"]
[BlackElo "2697"]
[WhiteFideId "14109603"]
[BlackFideId "309095"]
[EventDate "2021.12.22"]

1. b3 d5 2. Bb2 Bf5 3. Nf3 Nf6 4. g3 e6 5. Bg2 Be7 6. c4 O-O 7. O-O h6 8. d3 Bh7
9. Nbd2 a5 10. a3 Nc6 11. cxd5 exd5 12. Ra2 Re8 13. Qa1 Bf8 14. Bxf6 Qxf6 15.
Qxf6 gxf6 16. Nb1 Nd8 17. Nh4 c6 18. Bh3 Ne6 19. Bf5 Nd4 20. Bxh7+ Kxh7 21. Nc3
b5 22. Rb1 Bxa3 23. Rxa3 b4 24. Ra4 bxc3 25. Rxd4 Rxe2 26. Rc1 Rb8 27. Rxc3 Rb6
28. Rf4 Rb2 29. Rxf6 R2xb3 30. Rxb3 Rxb3 31. Rxc6 Rxd3 32. Nf5 a4 33. Rxh6+ Kg8
34. Ra6 a3 35. Ne7+ Kf8 36. Nxd5 Rxd5 37. Rxa3 Kg7 38. Kg2 Rd2 39. g4 f5 40. h3
Kg6 41. Ra6+ Kg5 42. Ra5 Kh4 43. Rxf5 1-0

[Event "Memorial Gashimov - Blitz"]
[Site "Baku"]
[Date "23.12.2021"]
[Round "B10"]
[White "Navara, David"]
[Black "Anand, Viswanathan"]
[Result "0-1"]
[WhiteTitle "GM"]
[BlackTitle "GM"]
[WhiteElo "2697"]
[BlackElo "2751"]
[WhiteFideId "309095"]
[BlackFideId "5000017"]
[EventDate "2021.12.22"]

1. Nf3 d5 2. e3 Nf6 3. c4 e6 4. Nc3 b6 5. b3 Bb7 6. Bb2 a6 7. cxd5 exd5 8. Be2
Nbd7 9. O-O Bd6 10. Rc1 O-O 11. Re1 b5 12. d4 Qe7 13. Bf1 Ne4 14. Ne2 c6 15. Nf4
a5 16. Nd3 f6 17. Re2 a4 18. Rec2 axb3 19. axb3 Rfc8 20. g3 g6 21. Bh3 Rc7 22.
Ra1 Rcc8 23. Rcc1 Rcb8 24. Rxa8 Rxa8 25. Ra1 Nb8 26. Rxa8 Bxa8 27. Qa1 Bb7 28.
Nc5 Bxc5 29. dxc5 Na6 30. Bd4 Naxc5 31. Qa3 Kf7 32. Ne1 Nxf2 33. Bg2 Nce4 34. b4
Bc8 35. Nc2 Nh3+ 36. Bxh3 Bxh3 37. Qa8 Qe6 38. Qb7+ Qd7 39. Qa8 Qf5 40. Qb7+ Kg8
41. Qb8+ Kg7 42. Qc7+ Kh6 43. Qf4+ g5 44. Qxf5 Bxf5 45. Bb6 Bd7 46. Nd4 Kg6 47.
Kg2 h5 48. Nb3 Nd6 49. Bc5 Nc4 50. Bd4 Bf5 51. Nc5 Be4+ 52. Kf2 Nd2 53. Nd7 Nf3
54. Bxf6 Nxh2 55. Bd4 Ng4+ 56. Kg1 Kf5 57. Nb8 h4 58. gxh4 gxh4 59. Bb6 h3 60.
Bc7 d4 61. exd4 Bd5 62. Nd7 h2+ 63. Bxh2 Nxh2 64. Kxh2 Ke4 65. Nc5+ Kxd4 66. Kg3
Kc4 67. Na6 Be6 68. Nb8 Kd5 69. Na6 Bc8 70. Nc5 Kc4 0-1

[Event "Memorial Gashimov - Blitz"]
[Site "Baku"]
[Date "23.12.2021"]
[Round "B10"]
[White "Mamedyarov, Shakhriyar"]
[Black "Karjakin, Sergey"]
[Result "1-0"]
[WhiteTitle "GM"]
[BlackTitle "GM"]
[WhiteElo "2767"]
[BlackElo "2743"]
[WhiteFideId "13401319"]
[BlackFideId "14109603"]
[EventDate "2021.12.22"]

1. d4 Nf6 2. c4 e6 3. Nc3 Bb4 4. Qc2 d5 5. cxd5 exd5 6. Bf4 c5 7. dxc5 Nc6 8. e3
Qa5 9. Ne2 Ne4 10. a3 Bf5 11. Qc1 Nxc5 12. Ng3 Bxc3+ 13. Qxc3 Qxc3+ 14. bxc3 Bg6
15. h4 h5 16. Be2 O-O-O 17. O-O f6 18. Rfd1 Na5 19. Ra2 Nc4 20. a4 b6 21. Rd4 a5
22. e4 Ne6 23. exd5 Nxd4 24. Bxc4 Nf5 25. Rb2 Nd6 26. Ba6+ Kc7 27. c4 Rb8 28.
Ne2 Rhe8 29. Nd4 Kd7 30. Nc6 Ra8 31. Rxb6 Re1+ 32. Kh2 Rb1 33. Nb8+ Rxb8 34.
Rxd6+ Ke7 35. Re6+ 1-0

[Event "Memorial Gashimov - Blitz"]
[Site "Baku"]
[Date "23.12.2021"]
[Round "B10"]
[White "Rapport, Richard"]
[Black "Caruana, Fabiano"]
[Result "1/2-1/2"]
[WhiteTitle "GM"]
[BlackTitle "GM"]
[WhiteElo "2763"]
[BlackElo "2792"]
[WhiteFideId "738590"]
[BlackFideId "2020009"]
[EventDate "2021.12.22"]

1. e4 e5 2. Nf3 Nc6 3. Nc3 Nf6 4. d4 exd4 5. Nxd4 Bb4 6. Nxc6 bxc6 7. Bd3 d5 8.
exd5 O-O 9. O-O cxd5 10. Bg5 c6 11. Qf3 h6 12. Bxf6 Qxf6 13. Qxf6 gxf6 14. Ne2
Bd6 15. Rad1 Rb8 16. b3 Re8 17. Ng3 a5 18. Nf5 Bxf5 19. Bxf5 Re5 20. Bd7 Rb6 21.
f4 Re3 22. g3 Bb4 23. Kg2 Kf8 24. Rf3 Re2+ 25. Rf2 Re3 26. Rf3 Re2+ 27. Rf2 Re3 1/2-1/2

[Event "Memorial Gashimov - Blitz"]
[Site "Baku"]
[Date "23.12.2021"]
[Round "B10"]
[White "Mamedov, Rauf"]
[Black "Asadli, Vugar"]
[Result "1-0"]
[WhiteTitle "GM"]
[BlackTitle "GM"]
[WhiteElo "2656"]
[BlackElo "2579"]
[WhiteFideId "13401653"]
[BlackFideId "13405764"]
[EventDate "2021.12.22"]

1. g3 g6 2. Bg2 Bg7 3. d3 d5 4. Nd2 e5 5. e4 Ne7 6. exd5 Nxd5 7. Ngf3 O-O 8. O-O
Nc6 9. a3 a5 10. Re1 h6 11. Rb1 a4 12. Ne4 Re8 13. c4 Nb6 14. Be3 Bf5 15. Nh4
Bc8 16. Nc3 g5 17. Nf3 Bf5 18. Bxb6 cxb6 19. Re3 Bf8 20. Nxa4 e4 21. dxe4 Qxd1+
22. Rxd1 Rxa4 23. exf5 Rxe3 24. fxe3 Rxc4 25. Kf2 Kg7 26. Bf1 Rc2+ 27. Rd2 Rc1
28. g4 Kf6 29. Rd7 Rc2+ 30. Rd2 Rc1 31. Bb5 Ne5 32. Nxe5 Kxe5 33. b4 Bd6 34. Be8
Rc7 35. Kf3 Bf8 36. Ba4 Rc3 37. Rd8 Bd6 38. Be8 Rc7 39. h3 Be7 40. Rd3 Bf8 41.
Ba4 Kf6 42. Bb3 Be7 43. Ba2 Rc2 44. Bd5 Rc7 45. Be4 Ke5 46. Rd5+ Kf6 47. Rb5 Rc3
48. Rxb6+ Ke5 49. Rxb7 Kf6 50. a4 Rb3 51. a5 Rxb4 52. Rxb4 Bxb4 53. a6 Bc5 54.
Bd5 Ke7 55. Ke2 f6 56. Kd3 Kd6 57. Bb7 Ba7 58. e4 Bg1 59. Kc4 Ke5 60. Kb5 Kd6
61. Bc8 Bd4 62. Be6 Bg1 63. Bb3 Bf2 64. e5+ fxe5 65. f6 e4 66. f7 Ke7 67. Kc6
Be3 68. Kd5 1-0

[Event "Memorial Gashimov - Blitz"]
[Site "Baku"]
[Date "23.12.2021"]
[Round "B11"]
[White "Anand, Viswanathan"]
[Black "Karjakin, Sergey"]
[Result "1/2-1/2"]
[WhiteTitle "GM"]
[BlackTitle "GM"]
[WhiteElo "2751"]
[BlackElo "2743"]
[WhiteFideId "5000017"]
[BlackFideId "14109603"]
[EventDate "2021.12.22"]

1. e4 Nf6 2. e5 Nd5 3. d4 d6 4. Nf3 dxe5 5. Nxe5 c6 6. Be2 Bf5 7. O-O Nd7 8. Bd3
Bxd3 9. Qxd3 e6 10. Nf3 Be7 11. c4 N5f6 12. Nc3 O-O 13. Qe2 Qa5 14. Rd1 Rfe8 15.
Bf4 Rad8 16. a3 Nf8 17. Ne5 Ng6 18. Bg3 Bd6 19. c5 Bxe5 20. dxe5 Rxd1+ 21. Rxd1
Nd5 22. Ne4 Rf8 23. Qc2 h6 24. Nd6 b6 25. cxb6 Qxb6 26. b4 Nge7 27. Rc1 Qa6 28.
Qb2 Rb8 29. Qb3 Qe2 30. Qd1 Nc3 31. Qb3 Ned5 32. h3 a5 33. Kh2 axb4 34. axb4
Rxb4 35. Qa3 Qb2 36. Qa8+ Rb8 37. Qa7 Rf8 38. Ra1 Ne2 39. Ra2 Qd4 40. Qxd4 Nxd4
41. Ra4 c5 42. f3 Rb8 43. Bf2 Nc6 44. Bxc5 Nxe5 45. Ra2 h5 46. Ne4 Rc8 47. Bd6
Ng6 48. Rb2 h4 49. Rb8 Rxb8 50. Bxb8 f6 51. Kg1 e5 52. Ba7 Ngf4 53. Nd6 g5 54.
Kh2 Ne2 55. Bc5 Kg7 56. Nf5+ Kg6 57. Nd6 Ndf4 58. Be3 Nh5 59. Bb6 Nhg3 60. Bd8
Nh5 61. Ne4 Neg3 62. Nc3 Nf4 63. Kg1 Nfe2+ 64. Nxe2 Nxe2+ 65. Kf2 Nf4 66. Bc7
Kf7 67. Bd8 Nd5 68. Ba5 Ke7 69. g3 Kf7 70. Bd2 Kg6 71. Ba5 hxg3+ 72. Kxg3 Kh5
73. Bd8 f5 74. Ba5 f4+ 75. Kg2 Kg6 76. Bd8 Kf5 77. Kf2 Nc3 78. Ba5 Nb5 79. Bd8
Nd6 80. Be7 Nf7 81. Ba3 e4 82. fxe4+ Kxe4 83. Be7 Kf5 84. Kg2 Ne5 85. Kf2 Kg6
86. Bd8 Kh5 87. Bf6 Nc4 88. Bd8 Kh4 89. Be7 Nd2 90. Kg2 Ne4 91. Bd8 Nc3 92. Be7
Nd5 93. Bd8 Ne3+ 94. Kf3 Nf5 95. Kg2 Kh5 96. Kf3 Nh4+ 97. Ke4 Ng6 98. Bf6 Kh4
99. Kf5 f3 100. Bxg5+ Kxh3 101. Be3 Nh4+ 102. Ke4 Kg2 103. Bd4 Ng6 104. Bc5 Nf8
105. Ba7 Ne6 106. Bb6 Ng5+ 107. Kf4 Nh3+ 108. Ke4 Nf2+ 109. Kf4 Nd3+ 110. Ke4
Nb2 111. Bd4 Nc4 112. Ba7 Nd2+ 113. Kd3 Nf1 114. Ke4 Nh2 115. Kf4 Kf1 116. Kg3
Ke2 117. Kxh2 f2 118. Bxf2 Kxf2 1/2-1/2

[Event "Memorial Gashimov - Blitz"]
[Site "Baku"]
[Date "23.12.2021"]
[Round "B11"]
[White "Mamedov, Rauf"]
[Black "Mamedyarov, Shakhriyar"]
[Result "1/2-1/2"]
[WhiteTitle "GM"]
[BlackTitle "GM"]
[WhiteElo "2656"]
[BlackElo "2767"]
[WhiteFideId "13401653"]
[BlackFideId "13401319"]
[EventDate "2021.12.22"]

1. g3 f5 2. Bg2 Nf6 3. d3 e5 4. Nf3 Nc6 5. c4 Bc5 6. Nc3 O-O 7. O-O d6 8. Bg5 h6
9. Bxf6 Qxf6 10. a3 a5 11. Rb1 Be6 12. Nd2 Qf7 13. Nd5 Ba7 14. b4 axb4 15. axb4
f4 16. Kh1 Nd4 17. b5 c6 18. Nc3 Qh5 19. b6 Bb8 20. Nf3 Bg4 21. Ne4 d5 22. cxd5
cxd5 23. Nc5 e4 24. dxe4 fxg3 25. fxg3 Bxg3 26. Qxd4 Rad8 27. Qg1 Bb8 28. exd5
Rxd5 29. Rbc1 Re8 30. Rfd1 Rxd1 31. Rxd1 Rxe2 32. Rd8+ Kh7 33. Qb1+ Bf5 34. Qd1
Rb2 35. Rxb8 Rb1 36. Qxb1 Bxb1 37. Ne6 Qc5 38. Rxb7 Qc1+ 39. Ng1 Kg6 40. Bd5 Kf6
41. Ra7 Qd2 42. Bg2 Bf5 43. Nf3 Qd1+ 44. Ng1 Bxe6 45. Ra3 Bd5 46. Bxd5 Qxd5+ 47.
Rf3+ Kg6 48. Kg2 Qb7 49. h3 Qxb6 50. Ne2 Qb2 51. Kf1 1/2-1/2

[Event "Memorial Gashimov - Blitz"]
[Site "Baku"]
[Date "23.12.2021"]
[Round "B11"]
[White "Asadli, Vugar"]
[Black "Rapport, Richard"]
[Result "1/2-1/2"]
[WhiteTitle "GM"]
[BlackTitle "GM"]
[WhiteElo "2579"]
[BlackElo "2763"]
[WhiteFideId "13405764"]
[BlackFideId "738590"]
[EventDate "2021.12.22"]

1. e4 e6 2. d4 d5 3. e5 c5 4. c3 Nc6 5. Nf3 Bd7 6. Be2 Nge7 7. O-O Ng6 8. Be3
Be7 9. Bd3 Qc7 10. Re1 cxd4 11. cxd4 Nb4 12. Nc3 Nxd3 13. Qxd3 h6 14. g3 Qb6 15.
Rab1 Rc8 16. h4 Bd8 17. Nd2 Ne7 18. b4 Nf5 19. Rec1 O-O 20. b5 Be7 21. a4 a5 22.
Ne2 f6 23. Nf3 Nxe3 24. Qxe3 f5 25. Nf4 Rxc1+ 26. Rxc1 Rc8 27. Rxc8+ Bxc8 28.
Qc3 Bd7 29. Nd3 Kf7 30. Kf1 Qd8 31. h5 b6 32. Nf4 Bb4 33. Qc2 Kg8 34. Nh4 Qc8
35. Qxc8+ Bxc8 36. Ke2 1/2-1/2

[Event "Memorial Gashimov - Blitz"]
[Site "Baku"]
[Date "23.12.2021"]
[Round "B11"]
[White "Caruana, Fabiano"]
[Black "Navara, David"]
[Result "1-0"]
[WhiteTitle "GM"]
[BlackTitle "GM"]
[WhiteElo "2792"]
[BlackElo "2697"]
[WhiteFideId "2020009"]
[BlackFideId "309095"]
[EventDate "2021.12.22"]

1. e4 e5 2. Nf3 Nc6 3. Bb5 Nf6 4. d3 Bc5 5. Bxc6 dxc6 6. Bg5 Qd6 7. Nbd2 Be6 8.
O-O O-O-O 9. Qe2 Rdg8 10. Rad1 Nh5 11. Nb3 Bb6 12. d4 Bxb3 13. dxe5 Qe6 14. axb3
f6 15. Be3 Qg4 16. Rfe1 Qxe4 17. Bxb6 Qxe2 18. Rxe2 axb6 19. g3 fxe5 20. Nxe5
Rd8 21. Ra1 Kb8 22. b4 Rd4 23. Kg2 Rhd8 24. c3 Rd1 25. Rxd1 Rxd1 26. Nf3 Kc8 27.
Nd4 Kd7 28. f4 g6 29. Nf3 Ng7 30. g4 Ne6 31. Kg3 c5 32. f5 gxf5 33. gxf5 Ng7 34.
Kf4 cxb4 35. f6 Nh5+ 36. Kg5 Nxf6 37. Kxf6 Rf1 38. Re3 bxc3 39. bxc3 c5 40. Kg7
h5 41. h4 b5 42. Kg6 Kc6 43. Kxh5 b4 44. cxb4 cxb4 45. Kg6 Rd1 46. h5 Rd6+ 47.
Kg5 Kb5 48. h6 Ka4 49. h7 Rd8 50. Nd4 Rd5+ 51. Kg6 Rd8 52. Kf7 b5 53. Nb3 Ka3
54. Nc5+ Ka2 55. Kg7 Rc8 56. h8=Q 1-0

[Event "Memorial Gashimov - Blitz"]
[Site "Baku"]
[Date "23.12.2021"]
[Round "B12"]
[White "Mamedyarov, Shakhriyar"]
[Black "Anand, Viswanathan"]
[Result "1/2-1/2"]
[WhiteTitle "GM"]
[BlackTitle "GM"]
[WhiteElo "2767"]
[BlackElo "2751"]
[WhiteFideId "13401319"]
[BlackFideId "5000017"]
[EventDate "2021.12.22"]

1. d4 Nf6 2. c4 e6 3. Nc3 Bb4 4. Qc2 d5 5. cxd5 exd5 6. Bg5 h6 7. Bh4 O-O 8. e3
c5 9. dxc5 Be6 10. Nf3 Nbd7 11. Be2 Qa5 12. O-O Bxc3 13. bxc3 Qxc5 14. Nd4 Rac8
15. Rfc1 Ne4 16. c4 Nb6 17. f3 Ng5 18. cxd5 Qxc2 19. Nxc2 1/2-1/2